[Event "Isle of Man Minor"]
[Site "Isle of Man"]
[Date "2019.10.16"]
[Round "5"]
[White "Smith, Paul"]
[Black "Anirudh, More"]
[Result "1/2-1/2"]
[WhiteElo "1688"]
[BlackElo "1327"]
[PlyCount "74"]
[EventDate "2019.10.12"]
[EventType "swiss"]
[EventRounds "7"]
[EventCountry "ENG"]
[SourceTitle "EXT 2025"]
[Source "ChessBase"]
[SourceDate "2024.10.14"]
[SourceVersion "1"]
[SourceVersionDate "2024.10.14"]
[SourceQuality "1"]

1. d4 d5 2. Nf3 Nf6 3. c3 c5 4. Bg5 Ne4 5. Bf4 Qb6 6. Qb3 c4 7. Qxb6 axb6 8. Nbd2 Nxd2 9. Kxd2 Bf5 10. a3 Nc6 11. h3 Na5 12. Ke3 e6 13. Nd2 Be7 14. g4 Bc2 15. Bg2 h6 16. Bc7 b5 17. Bxa5 Rxa5 18. Rac1 Bg6 19. f4 Kd7 20. Nf3 f6 21. h4 Be4 22. h5 Bd6 23. Rcg1 Raa8 24. Nh4 Bxg2 25. Rxg2 e5 26. fxe5 fxe5 27. Nf5 Rae8 28. dxe5 Bxe5 29. Kd2 Re6 30. e3 Rf8 31. Rf1 g6 32. hxg6 Rxg6 33. Rfg1 Rfg8 34. Nh4 R6g7 35. Nf5 Rg6 36. Nh4 R6g7 37. Nf5 Rg6 1/2-1/2

[Event "Isle of Man Minor"]
[Site "Isle of Man"]
[Date "2019.10.14"]
[Round "3"]
[White "Livermore, Richard"]
[Black "Anirudh, More"]
[Result "0-1"]
[WhiteElo "1585"]
[BlackElo "1327"]
[PlyCount "128"]
[EventDate "2019.10.12"]
[EventType "swiss"]
[EventRounds "7"]
[EventCountry "ENG"]
[SourceTitle "EXT 2025"]
[Source "ChessBase"]
[SourceDate "2024.10.14"]
[SourceVersion "1"]
[SourceVersionDate "2024.10.14"]
[SourceQuality "1"]

1. d4 d5 2. Nf3 Nf6 3. e3 c5 4. Nbd2 Nc6 5. b3 Bg4 6. h3 Bh5 7. Be2 e6 8. Bb2 Bd6 9. Ne5 Bxe2 10. Qxe2 Bxe5 11. dxe5 Nd7 12. f4 Qh4+ 13. Qf2 Qxf2+ 14. Kxf2 b5 15. c3 a5 16. a3 c4 17. b4 Ke7 18. e4 Ra7 19. exd5 exd5 20. Nf3 Nb6 21. Ke3 Na4 22. Rab1 Rha8 23. Nd4 Nxd4 24. Kxd4 Rc7 25. Bc1 axb4 26. axb4 Nb6 27. g4 f6 28. f5 fxe5+ 29. Kxe5 Nd7+ 30. Kxd5 Nf6+ 31. Ke5 Rd7 32. Bg5 Rd3 33. Rbe1 Ra3 34. Be3 Raxc3 35. Bd4 Ra3 36. g5 Nh5 37. Kd5+ Kd7 38. Kc5 Ng3 39. f6 gxf6 40. gxf6 Nxh1 41. Re7+ Kd8 42. Rxh7 Rf3 43. Rh8+ Kd7 44. Rh7+ Ke8 45. Rh8+ Kf7 46. Rh7+ Kg8 47. Rg7+ Kf8 48. Rh7 Rf5+ 49. Kd6 Ra6+ 50. Kc7 Raxf6 51. Bxf6 Rxf6 52. Rh5 c3 53. Rc5 Rf3 54. Kb6 Rxh3 55. Kxb5 Nf2 56. Ka4 Ne4 57. Rc8+ Ke7 58. Kb3 Kd6 59. b5 Nc5+ 60. Kc2 Kd5 61. b6 Kd4 62. Rxc5 Kxc5 63. b7 Rh8 64. Kxc3 Rb8 0-1